| 000 | 01047nam2a2200229 4500 | ||
|---|---|---|---|
| 001 | rc\2885435 | ||
| 005 | 20260315052630.0 | ||
| 035 | _a(NLR Aleph) 007038028 | ||
| 090 |
_a13586576 _c13586576 |
||
| 100 | _a20260315 rusy50 | ||
| 101 | 0 | _arus | |
| 102 | _aRU | ||
| 105 | _aa z ||||| | ||
| 200 | 0 | _aУрок 6 | |
| 210 | _dБ. г. | ||
| 215 |
_a17 с. _cил. |
||
| 461 | 0 |
_1001rc\2885434 _12000#$aТехника нормировочной работы$fИнж. Л.М. Бурас$gЗаоч. подготовка кадров ... ВСНХ-СССР ... Отд. массово-производ. просвещения ...$vУрок 6 _96069246 _aМосковский текстильный институт. Сектор заочного обучения _cМосква _dБ. г. _fИнж. Л.М. Бурас _nГос. науч.-техн. изд-во _tТехника нормировочной работы _vУрок 6 |
|
| 801 | 0 |
_aRU _bNLR _gpsbo |
|
| 801 | 1 |
_aRU _bELAR _2rusmarc |
|
| 852 |
_aNLR _j30.18/233 (6) |
||
| 942 | _cUNSPEC | ||
| 980 | _aNB | ||